000 00705nam a2200205 i 4500
001 bg
245 1 0 _aTrening sportowców niepełnosprawnych :
_bwybrane zagadnienia /
_cPolski Komitet Paraolimpijski.
260 _aWarszawa :
_bPKP,
_c1999.
300 _a110 s. ;
_c24 cm.
500 _aMateriały z Konferencji Trenerów Szkolenia Paraolimpijskiego OPO Spała 28-30 września 1999 r., 6-8 grudnia 1999 r.
650 9 _aTrening sportowy
_xzagadnienia
650 9 _aNiepełnosprawni
_xsport
655 _aMateriały konferencyjne
710 0 _aPolski Komitet Paraolimpijski
040 _cBPK
041 0 _apl
080 _a796.015-056.26
942 _cKS
008 s pl f |000 0 pol
999 _c37420
_d37420
856 _uhttp://koha.tu.koszalin.pl/cgi-bin/koha/opac-detail.pl?biblionumber=37420
_yKatalog online BPK